| 000 | 00000nam##2200000za#4500 |
| 001 | 9.642474 |
| 003 | CaOODSP |
| 005 | 20210624223723 |
| 007 | cr ||||||||||| |
| 008 | 150407|1996||||xxc|||||o f|0| 0 fre|d |
| 040 | |aCaOODSP|bfre |
| 043 | |an-cn--- |
| 086 | 1 |aF2-97/1-1996F-PDF |
| 110 | 1 |aCanada. |bMinistère des finances. |
| 245 | 10|aAvis de motion des voies et moyens visant à modifier la Loi de l'impôt sur le revenu, les Règles concernant l'application de l'impôt sur le revenu et une loi liée à la Loi de l'impôt sur le revenu |h[ressource électronique] |
| 260 | |aOttawa - Ontario : |bFinances Canada. |c[1996]. |
| 300 | |a143p. |
| 520 | 3 |a« Ces modifications mettent en oeuvre certaines des mesures annoncées dans le budget du 6 mars 1996 ainsi que les changements, annoncés le 5 mars 1996, à apporter à la Loi de l’impôt sur le revenu relativement à la déclaration des biens étrangers. »--Sommaire, p.3 de 143. |
| 590 | |a13-22-Supp|b2013-09-26 |
| 691 | 07|aImpôt sur le revenu|2gcpds |
| 691 | 07|aLégislation|2gcpds |
| 775 | 08|tNotice of ways and means motion to amend the Income Tax Act, the Income Tax Application Rules and another Act related to the Income Tax Act |w(CaOODSP)9.698466 |
| 776 | 0#|tNotice of ways and means motion to amend the Income Tax Act, the Income Tax Application Rules and another Act related to the Income Tax Act |w(CaOODSP)9.659319 |
| 776 | 0#|tAvis de motion des voies et moyens visant à modifier la Loi de l'impôt sur le revenu, les Règles concernant l'application de l'impôt sur le revenu et une loi liée à la Loi de l'impôt sur le revenu |w(CaOODSP)9.659320 |
| 856 | 40|ahttp://publications.gc.ca|qPDF|s399 Ko|uhttps://publications.gc.ca/collections/Collection/F2-97-1-1996F.pdf |